[Event "WCO 2016"]
[Site "?"]
[Date "2016.09.13"]
[Round "11"]
[Board "17"]
[WhiteID "1201930"]
[White "Peptan Corina-Isabela"]
[BlackID "4130189"]
[Black "Atalik Ekaterina"]
[Result "1/2-1/2"]
[BlackElo "2422"]
[WhiteElo "2394"]
[LiveChessVersion "1.4.8"]

1. c4 {[%clk 1:30:58]} c5 {[%clk 1:29:48]} 2. Nf3 {[%clk 1:31:11]} Nf6
{[%clk 1:29:25]} 3. Nc3 {[%clk 1:31:32]} d5 {[%clk 1:28:47]} 4. cxd5
{[%clk 1:31:55]} Nxd5 {[%clk 1:29:12]} 5. g3 {[%clk 1:30:42]} Nxc3
{[%clk 1:27:08]} 6. bxc3 {[%clk 1:30:59]} g6 {[%clk 1:26:42]} 7. Bg2
{[%clk 1:31:16]} Bg7 {[%clk 1:27:02]} 8. Qb3 {[%clk 1:25:50]} O-O
{[%clk 1:16:10]} 9. h4 {[%clk 1:25:26]} h5 {[%clk 1:02:47]} 10. Ng5
{[%clk 1:19:46]} Nc6 {[%clk 1:00:51]} 11. Qc4 {[%clk 0:58:02]} Qa5
{[%clk 0:43:07]} 12. Bxc6 {[%clk 0:51:37]} bxc6 {[%clk 0:43:31]} 13. Ne4
{[%clk 0:52:05]} Be6 {[%clk 0:41:14]} 14. Qxc5 {[%clk 0:52:28]} Qa6
{[%clk 0:40:55]} 15. Qe3 {[%clk 0:48:06]} Bd5 {[%clk 0:38:24]} 16. O-O
{[%clk 0:48:09]} Qc8 {[%clk 0:35:49]} 17. f3 {[%clk 0:36:31]} Qe6
{[%clk 0:28:36]} 18. d4 {[%clk 0:33:10]} Bxa2 {[%clk 0:24:21]} 19. Nc5
{[%clk 0:32:58]} Qxe3+ {[%clk 0:23:47]} 20. Bxe3 {[%clk 0:33:17]} Bc4
{[%clk 0:24:01]} 21. Kf2 {[%clk 0:33:40]} e5 {[%clk 0:19:38]} 22. Nb7
{[%clk 0:25:33]} f5 {[%clk 0:14:13]} 23. Na5 {[%clk 0:17:57]} Bd5
{[%clk 0:14:38]} 24. dxe5 {[%clk 0:15:11]} Bxe5 {[%clk 0:15:04]} 25. Ra3
{[%clk 0:15:37]} Bd6 {[%clk 0:12:45]} 26. Ra4 {[%clk 0:15:57]} Rfe8
{[%clk 0:12:37]} 27. c4 {[%clk 0:14:43]} Bf7 {[%clk 0:12:34]} 28. Bd4
{[%clk 0:13:18]} c5 {[%clk 0:12:08]} 29. Bc3 {[%clk 0:12:57]} Rab8
{[%clk 0:11:21]} 30. Rd1 {[%clk 0:13:11]} Rb6 {[%clk 0:10:34]} 31. e3
{[%clk 0:09:31]} Bf8 {[%clk 0:09:24]} 32. Raa1 {[%clk 0:03:04]} Bg7
{[%clk 0:05:07]} 33. Bxg7 {[%clk 0:03:30]} Kxg7 {[%clk 0:05:34]} 34. Rab1
{[%clk 0:03:27]} Reb8 {[%clk 0:03:19]} 35. Rxb6 {[%clk 0:03:33]} Rxb6
{[%clk 0:02:46]} 36. Rd7 {[%clk 0:03:11]} Ra6 {[%clk 0:01:53]} 37. Nb7
{[%clk 0:03:24]} Ra2+ {[%clk 0:00:47]} 38. Kg1 {[%clk 0:02:01]} Kf8
{[%clk 0:01:11]} 39. Nxc5 {[%clk 0:01:48]} Bxc4 {[%clk 0:01:30]} 40. e4
{[%clk 0:31:34]} fxe4 {[%clk 0:31:03]} 41. fxe4 {[%clk 0:31:50]} a6
{[%clk 0:22:08]} 42. Rc7 {[%clk 0:31:03]} Ke8 {[%clk 0:17:24]} 43. Nb7
{[%clk 0:28:58]} Bd3 {[%clk 0:13:48]} 44. Nd6+ {[%clk 0:26:34]} Kf8
{[%clk 0:13:26]} 45. Rf7+ {[%clk 0:24:27]} Kg8 {[%clk 0:13:51]} 46. Rf6
{[%clk 0:23:19]} Kg7 {[%clk 0:13:08]} 47. Ne8+ {[%clk 0:20:12]} Kg8
{[%clk 0:11:40]} 48. e5 {[%clk 0:18:19]} Re2 {[%clk 0:10:19]} 49. Re6
{[%clk 0:09:08]} a5 {[%clk 0:08:12]} 50. Nd6 {[%clk 0:08:52]} a4 {[%clk 0:07:59]}
51. Re8+ {[%clk 0:09:14]} Kg7 {[%clk 0:08:11]} 52. Re7+ {[%clk 0:09:08]} Kf8
{[%clk 0:08:07]} 53. Re8+ {[%clk 0:09:26]} 1/2-1/2

[Event "WCO 2016"]
[Site "?"]
[Date "2016.09.13"]
[Round "11"]
[Board "20"]
[WhiteID "13401823"]
[White "Isgandarova Khayala"]
[BlackID "13903063"]
[Black "Bulmaga Irina"]
[Result "1/2-1/2"]
[BlackElo "2395"]
[WhiteElo "2188"]
[LiveChessVersion "1.4.8"]

1. e4 {[%clk 1:30:54]} c5 {[%clk 1:30:53]} 2. Nf3 {[%clk 1:31:21]} e6
{[%clk 1:31:16]} 3. d4 {[%clk 1:31:41]} cxd4 {[%clk 1:31:39]} 4. Nxd4
{[%clk 1:32:08]} Nc6 {[%clk 1:32:02]} 5. Nb5 {[%clk 1:32:21]} d6 {[%clk 1:32:11]}
6. c4 {[%clk 1:32:45]} a6 {[%clk 1:32:29]} 7. N5a3 {[%clk 1:33:04]} Nf6
{[%clk 1:32:16]} 8. Nc3 {[%clk 1:33:24]} Be7 {[%clk 1:30:22]} 9. Be2
{[%clk 1:33:41]} O-O {[%clk 1:29:44]} 10. O-O {[%clk 1:33:29]} b6
{[%clk 1:29:32]} 11. Be3 {[%clk 1:33:25]} Bb7 {[%clk 1:29:51]} 12. f4
{[%clk 1:20:45]} Rc8 {[%clk 1:23:59]} 13. Bf3 {[%clk 1:03:58]} Nd7
{[%clk 1:21:20]} 14. Qe2 {[%clk 1:00:24]} Nb4 {[%clk 1:18:29]} 15. Rfd1
{[%clk 0:56:58]} Qc7 {[%clk 1:18:34]} 16. Rac1 {[%clk 0:52:34]} Rfe8
{[%clk 1:17:46]} 17. Qd2 {[%clk 0:36:54]} Qb8 {[%clk 1:09:43]} 18. Na4
{[%clk 0:25:45]} d5 {[%clk 1:07:04]} 19. cxd5 {[%clk 0:25:03]} Rxc1
{[%clk 1:06:16]} 20. Rxc1 {[%clk 0:24:12]} exd5 {[%clk 1:06:08]} 21. exd5
{[%clk 0:22:57]} Nxa2 {[%clk 1:00:56]} 22. Ra1 {[%clk 0:19:20]} b5
{[%clk 0:56:44]} 23. Rxa2 {[%clk 0:15:02]} bxa4 {[%clk 0:55:48]} 24. Nc2
{[%clk 0:07:10]} Nc5 {[%clk 0:50:26]} 25. Nd4 {[%clk 0:07:18]} Nb3
{[%clk 0:48:43]} 26. Nxb3 {[%clk 0:07:11]} axb3 {[%clk 0:49:05]} 27. Ra1
{[%clk 0:07:24]} Bd6 {[%clk 0:46:25]} 28. g3 {[%clk 0:07:03]} Qd8
{[%clk 0:42:10]} 29. Qc3 {[%clk 0:05:32]} Qc8 {[%clk 0:35:18]} 30. Rc1
{[%clk 0:03:23]} Qxc3 {[%clk 0:13:13]} 31. Rxc3 {[%clk 0:03:42]} Rxe3
{[%clk 0:12:31]} 32. Rxe3 {[%clk 0:04:08]} Bc5 {[%clk 0:12:57]} 33. Kf2
{[%clk 0:04:36]} Kf8 {[%clk 0:13:16]} 34. Ke2 {[%clk 0:04:27]} Bxe3
{[%clk 0:13:41]} 35. Kxe3 {[%clk 0:04:55]} a5 {[%clk 0:10:57]} 36. Kd4
{[%clk 0:04:50]} Bc8 {[%clk 0:08:36]} 37. Kc5 {[%clk 0:00:52]} a4
{[%clk 0:07:07]} 38. Kb4 {[%clk 0:01:08]} Bd7 {[%clk 0:07:30]} 39. Be2
{[%clk 0:01:34]} Ke7 {[%clk 0:07:46]} 40. Ba6 {[%clk 0:31:56]} f6
{[%clk 0:33:03]} 41. Bb7 {[%clk 0:30:29]} Kd6 {[%clk 0:33:05]} 42. Bc6
{[%clk 0:29:48]} Bg4 {[%clk 0:31:01]} 43. Kxa4 {[%clk 0:29:22]} Bd1
{[%clk 0:31:25]} 44. Kb4 {[%clk 0:29:12]} g5 {[%clk 0:31:48]} 45. fxg5
{[%clk 0:26:46]} fxg5 {[%clk 0:32:12]} 46. Ba4 {[%clk 0:27:06]} h5
{[%clk 0:23:18]} 47. Bxb3 {[%clk 0:26:17]} Bf3 {[%clk 0:23:38]} 48. Kc3
{[%clk 0:25:39]} Ke5 {[%clk 0:23:24]} 49. Bc4 {[%clk 0:24:22]} h4
{[%clk 0:23:46]} 50. b4 {[%clk 0:23:11]} Bg4 {[%clk 0:17:17]} 51. b5
{[%clk 0:20:55]} Bc8 {[%clk 0:16:10]} 52. Kb4 {[%clk 0:15:05]} Kd6
{[%clk 0:16:05]} 53. Ka5 {[%clk 0:12:45]} Kc5 {[%clk 0:09:12]} 54. b6
{[%clk 0:11:52]} Bb7 {[%clk 0:08:34]} 55. Ba6 {[%clk 0:11:38]} Bxd5
{[%clk 0:08:56]} 56. b7 {[%clk 0:12:04]} Bxb7 {[%clk 0:09:18]} 57. Bxb7
{[%clk 0:12:31]} Kd4 {[%clk 0:09:06]} 58. Kb4 {[%clk 0:12:29]} hxg3
{[%clk 0:08:41]} 59. hxg3 {[%clk 0:12:53]} g4 {[%clk 0:09:08]} 60. Bc8
{[%clk 0:11:57]} Ke3 {[%clk 0:09:24]} 61. Bxg4 {[%clk 0:12:09]} Kf2
{[%clk 0:09:49]} 1/2-1/2

[Event "WCO 2016"]
[Site "?"]
[Date "2016.09.13"]
[Round "11"]
[Board "21"]
[WhiteID "14201526"]
[White "Muminova Nafisa"]
[BlackID "14900440"]
[Black "Repkova Eva"]
[Result "1/2-1/2"]
[BlackElo "2332"]
[WhiteElo "2324"]
[LiveChessVersion "1.4.8"]

1. d4 {[%clk 1:30:55]} e6 {[%clk 1:30:56]} 2. e4 {[%clk 1:30:37]} d5
{[%clk 1:31:19]} 3. Nd2 {[%clk 1:30:47]} c5 {[%clk 1:31:41]} 4. exd5
{[%clk 1:30:41]} Qxd5 {[%clk 1:32:02]} 5. Ngf3 {[%clk 1:30:31]} cxd4
{[%clk 1:32:27]} 6. Bc4 {[%clk 1:30:42]} Qd6 {[%clk 1:32:49]} 7. O-O
{[%clk 1:30:38]} Nf6 {[%clk 1:33:16]} 8. Nb3 {[%clk 1:30:52]} Nc6
{[%clk 1:33:42]} 9. Nbxd4 {[%clk 1:30:13]} Nxd4 {[%clk 1:34:05]} 10. Qxd4
{[%clk 1:28:30]} Qxd4 {[%clk 1:33:36]} 11. Nxd4 {[%clk 1:28:54]} Bd7
{[%clk 1:33:37]} 12. Re1 {[%clk 1:21:19]} Rc8 {[%clk 1:33:20]} 13. Bd3
{[%clk 1:21:32]} Bc5 {[%clk 1:32:39]} 14. Nb3 {[%clk 1:20:09]} Bb6
{[%clk 1:28:25]} 15. h3 {[%clk 1:19:01]} O-O {[%clk 1:27:19]} 16. Bd2
{[%clk 1:17:19]} Bc6 {[%clk 1:20:52]} 17. a4 {[%clk 1:04:51]} Rfd8
{[%clk 1:13:57]} 18. a5 {[%clk 0:52:00]} Bc7 {[%clk 1:14:13]} 19. Rad1
{[%clk 0:48:16]} e5 {[%clk 1:08:28]} 20. a6 {[%clk 0:33:51]} b6 {[%clk 1:08:18]}
21. Bg5 {[%clk 0:33:51]} e4 {[%clk 1:08:14]} 22. Bf1 {[%clk 0:32:27]} Be5
{[%clk 1:08:28]} 23. Rxd8+ {[%clk 0:31:51]} Rxd8 {[%clk 1:08:54]} 24. c3
{[%clk 0:32:06]} h6 {[%clk 0:58:06]} 25. Be3 {[%clk 0:30:59]} Ba4
{[%clk 0:58:06]} 26. Bd4 {[%clk 0:29:31]} Bxb3 {[%clk 0:40:37]} 27. Bxe5
{[%clk 0:29:48]} Nd7 {[%clk 0:38:33]} 28. Bd4 {[%clk 0:28:52]} f5
{[%clk 0:38:57]} 29. g4 {[%clk 0:26:48]} g6 {[%clk 0:37:46]} 30. Kh2
{[%clk 0:25:25]} Nc5 {[%clk 0:37:40]} 31. gxf5 {[%clk 0:16:33]} gxf5
{[%clk 0:38:03]} 32. Be2 {[%clk 0:16:45]} Ne6 {[%clk 0:37:37]} 33. Be5
{[%clk 0:15:59]} Rd2 {[%clk 0:36:33]} 34. Bb8 {[%clk 0:14:08]} Rxb2
{[%clk 0:29:51]} 35. Kg1 {[%clk 0:12:56]} Nc5 {[%clk 0:26:22]} 36. Bb5
{[%clk 0:07:06]} Nd3 {[%clk 0:25:24]} 37. Rf1 {[%clk 0:06:38]} Bd5
{[%clk 0:25:20]} 38. c4 {[%clk 0:01:24]} Ba8 {[%clk 0:18:06]} 39. Rd1
{[%clk 0:01:40]} e3 {[%clk 0:14:40]} 40. fxe3 {[%clk 0:31:44]} Rg2+
{[%clk 0:44:53]} 41. Kf1 {[%clk 0:32:10]} Rf2+ {[%clk 0:45:04]} 42. Kg1
{[%clk 0:32:35]} Rg2+ {[%clk 0:45:12]} 43. Kf1 {[%clk 0:33:01]} Rf2+
{[%clk 0:45:36]} 44. Kg1 {[%clk 0:33:28]} Rg2+ {[%clk 0:46:01]} 45. Kf1 1/2-1/2

[Event "WCO 2016"]
[Site "?"]
[Date "2016.09.13"]
[Round "11"]
[Board "22"]
[WhiteID "14904888"]
[White "Maslikova Veronika"]
[BlackID "14203626"]
[Black "Tokhirjonova Gulrukhbegim"]
[Result "0-1"]
[BlackElo "2289"]
[WhiteElo "2247"]
[LiveChessVersion "1.4.8"]

1. e4 {[%clk 1:30:54]} e6 {[%clk 1:30:47]} 2. d4 {[%clk 1:31:19]} d5
{[%clk 1:31:06]} 3. Nd2 {[%clk 1:31:39]} c5 {[%clk 1:31:21]} 4. exd5
{[%clk 1:30:57]} Qxd5 {[%clk 1:31:40]} 5. Ngf3 {[%clk 1:30:22]} cxd4
{[%clk 1:32:00]} 6. Bc4 {[%clk 1:30:41]} Qd7 {[%clk 1:32:19]} 7. O-O
{[%clk 1:29:00]} Nc6 {[%clk 1:32:35]} 8. Nb3 {[%clk 1:27:40]} Nf6
{[%clk 1:32:06]} 9. Nbxd4 {[%clk 1:25:36]} Nxd4 {[%clk 1:32:14]} 10. Nxd4
{[%clk 1:23:14]} a6 {[%clk 1:32:19]} 11. Re1 {[%clk 1:07:08]} b5 {[%clk 1:30:19]}
12. Bb3 {[%clk 0:50:45]} Bb7 {[%clk 1:29:19]} 13. c3 {[%clk 0:48:12]} Be7
{[%clk 1:25:32]} 14. Qe2 {[%clk 0:40:22]} Nd5 {[%clk 1:16:58]} 15. Qg4
{[%clk 0:30:32]} Bf6 {[%clk 1:06:43]} 16. Nxe6 {[%clk 0:19:19]} fxe6
{[%clk 1:06:30]} 17. Rxe6+ {[%clk 0:19:46]} Be7 {[%clk 0:52:07]} 18. Bg5
{[%clk 0:15:53]} O-O-O {[%clk 0:52:19]} 19. Bxe7 {[%clk 0:14:12]} Rhe8
{[%clk 0:46:31]} 20. Rd1 {[%clk 0:07:17]} Rxe7 {[%clk 0:45:58]} 21. Rxd5
{[%clk 0:06:33]} Rxe6 {[%clk 0:44:42]} 22. Qxe6 {[%clk 0:05:54]} Bxd5
{[%clk 0:44:39]} 23. Bxd5 {[%clk 0:06:20]} Qxe6 {[%clk 0:44:37]} 24. Bxe6+
{[%clk 0:06:49]} Kc7 {[%clk 0:45:00]} 25. f4 {[%clk 0:04:20]} Rd2
{[%clk 0:44:52]} 26. g4 {[%clk 0:04:05]} Rxb2 {[%clk 0:45:13]} 27. h4
{[%clk 0:03:48]} Kd6 {[%clk 0:45:28]} 28. Bg8 {[%clk 0:03:48]} h6
{[%clk 0:45:53]} 29. g5 {[%clk 0:02:53]} hxg5 {[%clk 0:44:37]} 30. fxg5
{[%clk 0:02:53]} Ke5 {[%clk 0:45:01]} 31. h5 {[%clk 0:02:34]} Kf5
{[%clk 0:45:18]} 32. h6 {[%clk 0:02:48]} gxh6 {[%clk 0:45:43]} 33. gxh6
{[%clk 0:03:16]} Kg6 {[%clk 0:46:08]} 34. h7 {[%clk 0:03:36]} Kg7
{[%clk 0:46:35]} 35. Kf1 {[%clk 0:03:43]} Rc2 {[%clk 0:46:42]} 36. Ke1
{[%clk 0:04:08]} Rxc3 {[%clk 0:47:06]} 37. Kd2 {[%clk 0:04:34]} b4
{[%clk 0:47:07]} 38. Kd1 {[%clk 0:04:34]} a5 {[%clk 0:47:26]} 39. Kd2
{[%clk 0:05:01]} a4 {[%clk 0:47:47]} 40. Kd1 {[%clk 0:35:03]} b3 {[%clk 1:16:38]}
41. axb3 {[%clk 0:35:26]} axb3 {[%clk 1:17:02]} 42. Kd2 {[%clk 0:35:53]} b2
{[%clk 1:17:24]} 43. Kxc3 {[%clk 0:35:08]} b1=Q {[%clk 1:17:52]} 44. Kd4
{[%clk 0:35:10]} Qf5 {[%clk 1:18:14]} 45. Kc4 {[%clk 0:35:20]} Qh5
{[%clk 1:18:37]} 46. Kd4 {[%clk 0:34:58]} Kf6 {[%clk 1:19:00]} 47. Ke4
{[%clk 0:35:08]} Qe5+ {[%clk 1:18:42]} 48. Kd3 {[%clk 0:35:18]} Ke7
{[%clk 1:19:05]} 49. Kc4 {[%clk 0:35:27]} Kd6 {[%clk 1:19:30]} 50. Kb4
{[%clk 0:35:36]} Kc6 {[%clk 1:19:35]} 51. Kc4 {[%clk 0:35:34]} Qf4+
{[%clk 1:19:36]} 52. Kd3 {[%clk 0:35:53]} Qh4 {[%clk 1:20:01]} 53. Ke3
{[%clk 0:36:12]} Kc5 {[%clk 1:20:12]} 54. Kd3 {[%clk 0:36:38]} Kb4
{[%clk 1:20:28]} 55. Kc2 {[%clk 0:36:39]} Qd4 {[%clk 1:20:09]} 56. Kb1
{[%clk 0:34:54]} Qc3 {[%clk 1:16:23]} 57. Ka2 {[%clk 0:34:45]} Qd2+
{[%clk 1:16:41]} 58. Kb1 {[%clk 0:34:40]} Qh2 {[%clk 1:17:02]} 59. Ka1
{[%clk 0:34:49]} Ka3 {[%clk 1:17:12]} 0-1

[Event "WCO 2016"]
[Site "?"]
[Date "2016.09.13"]
[Round "11"]
[Board "23"]
[WhiteID "14201437"]
[White "Gevorgyan Irina"]
[BlackID "14906341"]
[Black "Vrbova Niki"]
[Result "1-0"]
[BlackElo "2186"]
[WhiteElo "2324"]
[LiveChessVersion "1.4.8"]

1. d4 {[%clk 1:30:56]} d5 {[%clk 1:30:54]} 2. c4 {[%clk 1:31:21]} c6
{[%clk 1:31:19]} 3. Nc3 {[%clk 1:31:42]} Nf6 {[%clk 1:31:43]} 4. e3
{[%clk 1:32:07]} Bf5 {[%clk 1:31:51]} 5. cxd5 {[%clk 1:31:46]} Nxd5
{[%clk 1:30:24]} 6. Be2 {[%clk 1:27:51]} e6 {[%clk 1:30:04]} 7. Nf3
{[%clk 1:28:04]} Bd6 {[%clk 1:22:19]} 8. O-O {[%clk 1:26:53]} Qc7
{[%clk 1:22:18]} 9. Bd2 {[%clk 1:24:25]} O-O {[%clk 1:17:35]} 10. Rc1
{[%clk 1:24:15]} a6 {[%clk 1:13:23]} 11. Bc4 {[%clk 1:22:14]} Nf6
{[%clk 1:10:30]} 12. Qe2 {[%clk 1:12:58]} b5 {[%clk 0:41:19]} 13. Bd3
{[%clk 1:12:39]} Bxd3 {[%clk 0:37:37]} 14. Qxd3 {[%clk 1:12:58]} Nbd7
{[%clk 0:36:50]} 15. e4 {[%clk 1:08:58]} e5 {[%clk 0:26:16]} 16. d5
{[%clk 1:00:08]} Nc5 {[%clk 0:25:17]} 17. Qc2 {[%clk 0:53:49]} cxd5
{[%clk 0:21:58]} 18. Nxd5 {[%clk 0:53:59]} Nxd5 {[%clk 0:19:35]} 19. exd5
{[%clk 0:54:23]} e4 {[%clk 0:13:26]} 20. b4 {[%clk 0:54:14]} exf3
{[%clk 0:13:50]} 21. bxc5 {[%clk 0:54:38]} Bxh2+ {[%clk 0:13:48]} 22. Kh1
{[%clk 0:55:03]} fxg2+ {[%clk 0:13:46]} 23. Kxg2 {[%clk 0:55:28]} Bf4
{[%clk 0:11:23]} 24. d6 {[%clk 0:51:15]} Qc6+ {[%clk 0:11:47]} 25. f3
{[%clk 0:51:37]} Bxd2 {[%clk 0:10:53]} 26. Qxd2 {[%clk 0:52:01]} f5
{[%clk 0:09:36]} 27. Rfd1 {[%clk 0:50:33]} Qe8 {[%clk 0:09:10]} 28. d7
{[%clk 0:44:44]} Qg6+ {[%clk 0:08:58]} 29. Kf2 {[%clk 0:44:47]} f4
{[%clk 0:05:42]} 30. Qd5+ {[%clk 0:42:40]} Kh8 {[%clk 0:06:06]} 31. Rg1
{[%clk 0:41:10]} Qf6 {[%clk 0:05:44]} 32. Rc2 {[%clk 0:40:41]} Qh4+
{[%clk 0:03:29]} 33. Kf1 {[%clk 0:34:25]} Ra7 {[%clk 0:00:57]} 34. c6
{[%clk 0:33:43]} Qd8 {[%clk 0:00:37]} 35. Qd6 {[%clk 0:24:48]} Rc7
{[%clk 0:00:37]} 36. Re2 {[%clk 0:23:31]} 1-0

[Event "WCO 2016"]
[Site "?"]
[Date "2016.09.13"]
[Round "11"]
[Board "24"]
[WhiteID "14909626"]
[White "Motycakova Monika"]
[BlackID "14201780"]
[Black "Kurbonboeva Sarvinoz"]
[Result "0-1"]
[BlackElo "2223"]
[WhiteElo "2109"]
[LiveChessVersion "1.4.8"]

1. e4 {[%clk 1:30:52]} c5 {[%clk 1:30:55]} 2. Nf3 {[%clk 1:31:16]} d6
{[%clk 1:31:21]} 3. d4 {[%clk 1:31:37]} cxd4 {[%clk 1:31:47]} 4. Nxd4
{[%clk 1:32:03]} Nf6 {[%clk 1:32:13]} 5. Nc3 {[%clk 1:32:13]} g6 {[%clk 1:32:31]}
6. Be3 {[%clk 1:31:33]} Bg7 {[%clk 1:32:51]} 7. f3 {[%clk 1:31:34]} Nc6
{[%clk 1:33:06]} 8. Qd2 {[%clk 1:31:32]} O-O {[%clk 1:33:22]} 9. O-O-O
{[%clk 1:31:40]} d5 {[%clk 1:32:52]} 10. Kb1 {[%clk 1:31:46]} Nxd4
{[%clk 1:32:38]} 11. e5 {[%clk 1:31:31]} Nf5 {[%clk 1:32:15]} 12. exf6
{[%clk 1:31:30]} exf6 {[%clk 1:32:30]} 13. Nxd5 {[%clk 1:31:05]} Nxe3
{[%clk 1:32:20]} 14. Qxe3 {[%clk 1:31:11]} Be6 {[%clk 1:32:36]} 15. Bc4
{[%clk 1:30:46]} f5 {[%clk 1:32:47]} 16. c3 {[%clk 1:30:22]} Re8 {[%clk 1:11:29]}
17. Rhe1 {[%clk 1:05:41]} Qa5 {[%clk 1:08:11]} 18. Bb3 {[%clk 0:56:41]} Rad8
{[%clk 0:56:05]} 19. Nf4 {[%clk 0:38:26]} Rxd1+ {[%clk 0:47:43]} 20. Rxd1
{[%clk 0:38:47]} Bh6 {[%clk 0:36:20]} 21. Qd4 {[%clk 0:29:31]} Bxb3
{[%clk 0:34:55]} 22. axb3 {[%clk 0:29:44]} Qe5 {[%clk 0:24:25]} 23. Qxe5
{[%clk 0:17:47]} Rxe5 {[%clk 0:24:54]} 24. Rd8+ {[%clk 0:15:43]} Kg7
{[%clk 0:25:06]} 25. Nd5 {[%clk 0:12:37]} Re1+ {[%clk 0:13:37]} 26. Ka2
{[%clk 0:12:49]} Re2 {[%clk 0:08:41]} 27. Rd7 {[%clk 0:11:12]} Rxg2
{[%clk 0:07:59]} 28. Rxb7 {[%clk 0:06:58]} Rxh2 {[%clk 0:08:20]} 29. f4
{[%clk 0:05:15]} g5 {[%clk 0:06:35]} 30. fxg5 {[%clk 0:03:51]} Bxg5
{[%clk 0:07:04]} 31. c4 {[%clk 0:03:19]} f4 {[%clk 0:06:46]} 32. c5
{[%clk 0:02:26]} f3 {[%clk 0:06:44]} 33. c6 {[%clk 0:02:19]} f2 {[%clk 0:03:53]}
34. Rxf7+ {[%clk 0:00:50]} Kxf7 {[%clk 0:04:15]} 35. c7 {[%clk 0:01:17]} f1=Q
{[%clk 0:04:29]} 36. c8=Q {[%clk 0:01:41]} Re2 {[%clk 0:02:03]} 37. Qh8
{[%clk 0:01:03]} Qf5 {[%clk 0:02:00]} 38. Qa8 {[%clk 0:00:51]} Qd7
{[%clk 0:01:42]} 39. Nc3 {[%clk 0:01:06]} Re5 {[%clk 0:01:20]} 40. Qf3+
{[%clk 0:31:16]} Kg6 {[%clk 0:31:07]} 41. Qf8 {[%clk 0:28:00]} Ra5+
{[%clk 0:30:54]} 42. Na4 {[%clk 0:28:25]} Rxa4+ {[%clk 0:30:36]} 43. bxa4
{[%clk 0:28:50]} Qf7+ {[%clk 0:31:03]} 0-1

[Event "WCO 2016"]
[Site "?"]
[Date "2016.09.13"]
[Round "11"]
[Board "21"]
[WhiteID "14609215"]
[White "Unuk Laura"]
[BlackID "13903284"]
[Black "Baciu Diana"]
[Result "1/2-1/2"]
[BlackElo "2279"]
[WhiteElo "2332"]
[LiveChessVersion "1.4.8"]

1. d4 {[%clk 1:30:54]} d5 {[%clk 1:30:55]} 2. c4 {[%clk 1:31:13]} e6
{[%clk 1:31:21]} 3. Nf3 {[%clk 1:31:28]} c6 {[%clk 1:31:47]} 4. e3
{[%clk 1:31:22]} f5 {[%clk 1:32:05]} 5. Bd3 {[%clk 1:26:45]} Nf6 {[%clk 1:32:29]}
6. Nc3 {[%clk 1:26:47]} Bd6 {[%clk 1:32:32]} 7. Rb1 {[%clk 1:26:15]} a5
{[%clk 1:29:53]} 8. a3 {[%clk 1:24:42]} b6 {[%clk 1:17:57]} 9. b4
{[%clk 1:14:21]} axb4 {[%clk 1:17:50]} 10. axb4 {[%clk 1:14:45]} dxc4
{[%clk 1:17:16]} 11. Bxc4 {[%clk 1:14:31]} b5 {[%clk 1:02:19]} 12. Bd3
{[%clk 1:12:02]} Qe7 {[%clk 1:00:11]} 13. Qb3 {[%clk 1:05:14]} Nd5
{[%clk 1:00:28]} 14. Nxd5 {[%clk 1:02:02]} exd5 {[%clk 1:00:48]} 15. O-O
{[%clk 1:02:17]} Ra4 {[%clk 0:57:59]} 16. Bd2 {[%clk 1:02:15]} O-O
{[%clk 0:54:37]} 17. Rfc1 {[%clk 1:01:37]} Bb7 {[%clk 0:50:22]} 18. Ne5
{[%clk 0:44:25]} Bxe5 {[%clk 0:49:01]} 19. dxe5 {[%clk 0:44:45]} Qxe5
{[%clk 0:46:38]} 20. Bc3 {[%clk 0:45:09]} Qe6 {[%clk 0:44:24]} 21. Ra1
{[%clk 0:36:04]} Rxa1 {[%clk 0:42:30]} 22. Rxa1 {[%clk 0:36:30]} Na6
{[%clk 0:37:12]} 23. Qb2 {[%clk 0:36:04]} Qf7 {[%clk 0:36:41]} 24. Ra3
{[%clk 0:30:51]} Ra8 {[%clk 0:35:56]} 25. Qb1 {[%clk 0:29:58]} Bc8
{[%clk 0:34:46]} 26. Bd4 {[%clk 0:27:44]} Nc7 {[%clk 0:32:38]} 27. Rxa8
{[%clk 0:25:47]} Nxa8 {[%clk 0:33:07]} 28. Qa1 {[%clk 0:25:55]} Nc7
{[%clk 0:33:17]} 29. Qa7 {[%clk 0:23:31]} Na6 {[%clk 0:30:40]} 30. Qb6
{[%clk 0:15:27]} Qc7 {[%clk 0:30:11]} 31. Qxc7 {[%clk 0:15:16]} Nxc7
{[%clk 0:30:39]} 32. Be5 {[%clk 0:15:27]} Na6 {[%clk 0:30:20]} 33. Bd6
{[%clk 0:15:35]} Kf7 {[%clk 0:29:59]} 34. f4 {[%clk 0:15:38]} Ke6
{[%clk 0:28:59]} 35. Bf8 {[%clk 0:15:54]} d4 {[%clk 0:26:18]} 36. Kf2
{[%clk 0:06:24]} Kd5 {[%clk 0:26:11]} 37. Be2 {[%clk 0:01:49]} g6
{[%clk 0:21:48]} 38. exd4 {[%clk 0:00:59]} Kxd4 {[%clk 0:20:48]} 39. Bg7+
{[%clk 0:01:23]} Kd5 {[%clk 0:21:14]} 40. Bf8 {[%clk 0:31:03]} Bd7
{[%clk 0:50:47]} 41. Ke3 {[%clk 0:28:17]} c5 {[%clk 0:47:39]} 42. bxc5
{[%clk 0:28:20]} Nxc5 {[%clk 0:47:21]} 43. Bf3+ {[%clk 0:27:43]} Ne4
{[%clk 0:47:10]} 44. Kd3 {[%clk 0:28:00]} Ke6 {[%clk 0:44:54]} 45. Kd4
{[%clk 0:25:45]} h5 {[%clk 0:39:23]} 46. g3 {[%clk 0:25:12]} Bc6 {[%clk 0:39:38]}
47. Bb4 {[%clk 0:24:35]} Bd5 {[%clk 0:37:35]} 48. Be2 {[%clk 0:24:21]} Bc6
{[%clk 0:30:53]} 49. Bf3 {[%clk 0:23:37]} Bb7 {[%clk 0:27:20]} 50. Be2
{[%clk 0:22:33]} Ba6 {[%clk 0:26:57]} 51. Bd1 {[%clk 0:20:38]} Nd6
{[%clk 0:23:47]} 52. Bb3+ {[%clk 0:07:45]} Nc4 {[%clk 0:22:42]} 53. Bxc4+
{[%clk 0:08:02]} bxc4 {[%clk 0:23:10]} 54. h4 {[%clk 0:08:22]} Kd7
{[%clk 0:18:47]} 55. Bf8 {[%clk 0:08:42]} Kc6 {[%clk 0:18:34]} 56. Be7
{[%clk 0:09:01]} Kb5 {[%clk 0:14:37]} 57. Kc3 {[%clk 0:08:53]} Bb7
{[%clk 0:14:57]} 58. Kd4 {[%clk 0:08:12]} Bg2 {[%clk 0:15:01]} 59. Bf8
{[%clk 0:08:24]} Bf1 {[%clk 0:15:14]} 60. Be7 {[%clk 0:08:40]} Kc6
{[%clk 0:15:09]} 61. Bf8 {[%clk 0:08:29]} c3 {[%clk 0:15:15]} 62. Kxc3
{[%clk 0:08:53]} Kd5 {[%clk 0:15:41]} 63. Be7 {[%clk 0:09:10]} Ke4
{[%clk 0:16:06]} 64. Bg5 {[%clk 0:09:33]} Kf3 {[%clk 0:16:28]} 1/2-1/2